A Course in Electrical Technology (Part II) (Record no. 61094)
[ view plain ]
| 000 -LEADER | |
|---|---|
| fixed length control field | 00448nam a22001937a 4500 |
| 005 - DATE AND TIME OF LATEST TRANSACTION | |
| control field | 20230719131356.0 |
| 008 - FIXED-LENGTH DATA ELEMENTS--GENERAL INFORMATION | |
| fixed length control field | 230718b |||||||| |||| 00| 0 eng d |
| 020 ## - INTERNATIONAL STANDARD BOOK NUMBER | |
| ISBN | 8185749299 |
| 041 0# - LANGUAGE CODE | |
| Language code of text/sound track or separate title | eng |
| 082 04 - DEWEY DECIMAL CLASSIFICATION NUMBER | |
| Classification number | 621.38 |
| Item number | GUP |
| 100 1# - MAIN ENTRY--AUTHOR NAME | |
| Personal name | J.B.Gupta |
| 245 10 - TITLE STATEMENT | |
| Title | A Course in Electrical Technology (Part II) |
| 250 ## - EDITION STATEMENT | |
| Edition statement | 13TH |
| 260 ## - PUBLICATION, DISTRIBUTION, ETC. (IMPRINT) | |
| Place of publication | NEW DELHI |
| Name of publisher | Kataria |
| Year of publication | 2002 |
| 300 ## - PHYSICAL DESCRIPTION | |
| Number of Pages | VI;1237 |
| 500 ## - GENERAL NOTE | |
| General note | 5 |
| 650 #0 - SUBJECT ADDED ENTRY--TOPICAL TERM | |
| Topical Term | Electrical |
| 942 ## - ADDED ENTRY ELEMENTS (KOHA) | |
| Koha item type | Books |
| Lost status | Damaged status | Permanent Location | Current Location | Date acquired | Full call number | Accession Number | Koha item type |
|---|---|---|---|---|---|---|---|
| Central Library, Trident Academy of Technology | Central Library, Trident Academy of Technology | 07/18/2023 | 621.38 GUP | 652 | Books | ||
| Central Library, Trident Academy of Technology | Central Library, Trident Academy of Technology | 07/18/2023 | 621.38 GUP | 653 | Books | ||
| Central Library, Trident Academy of Technology | Central Library, Trident Academy of Technology | 07/19/2023 | 621.38 GUP | 5429 | Books | ||
| Central Library, Trident Academy of Technology | Central Library, Trident Academy of Technology | 07/19/2023 | 621.38 GUP | 5430 | Books | ||
| Central Library, Trident Academy of Technology | Central Library, Trident Academy of Technology | 07/19/2023 | 621.38 GUP | 5431 | Books |
